| 000 | 00361nam a2200145Ia 4500 | ||
|---|---|---|---|
| 008 | 230711s9999||||xx |||||||||||||| ||und|| | ||
| 041 | _aENG | ||
| 082 |
_a624 _bFL-P |
||
| 100 | _aP N Singh | ||
| 245 | 0 | _aElementary mechanics of solids | |
| 250 | _a1st Ed. | ||
| 260 |
_c1987 _aNew York _bJohn Wiley & Sons.Inc |
||
| 650 | _aMechanical Engineering | ||
| 942 | _cBK | ||
| 999 |
_c1154 _d1154 |
||